Footballer club quiz - Statistics

General Stats
  • This quiz has been taken 54 times
  • The average score is 14 of 19
Answer Stats
Club Club Club Club Answer % Correct
Lisbon Man united Real madrid Juventus Ronaldo
100%
Basel Chelsea Roma Liverpool Salah
91%
Gronigen Ajax Liverpool Barcelona Suarez
87%
Barcelona PSG Man united LA Galaxy Ibrahimovic
85%
Gama Inter Liverpool Barcelona Coutinho
81%
Liverpool Chelsea Atlético madrid Sagan Tosu Torres
81%
Benfica Real madrid Manchester united PSG Di María
79%
West ham Chelsea Man city New York city Lampard
74%
Inter Milan Juventus New York city Pirlo
74%
Monaco Arsenal Barcelona New York Henry
72%
São Paulo Milan Real madrid Orlando Kaka
72%
Man city Man united Juventus Baca juniors Tevez
72%
Real Madrid Napoli Juventus Milan (loan) Higuain
70%
Liverpool Man city Milan Nice Balotelli
68%
Genk Atlético madrid Chelsea Real madrid Courtois
68%
River plate Porto Atlético madrid Monaco Falcao
66%
Man city Chelsea West Brom (loan) Liverpool Sturridge
53%
Sevilla Barcelona Juventus PSG Alves
47%
Barcelona Inter Everton Chelsea Eto
45%
No matching quizzes found
Score Distribution
Percent of People with Each Score
Percentile by Number Answered
Your Score History
You have not taken this quiz